00767cam a2200217 450000500170000000800410001702000150005810000200007324501170009325000140021026000300022430000220025449000390027650000810031550400320039650600130042865000240044165000300046565000240049570000300051920220728115547.0060928t2004200 mx 000 0 spa u a96841147881 aScott, James C.14aLos dominados y el arte de la resistencia : bDiscursos ocultos c/ James C. Scott ; tr. de Jorge Aguilar Mora. a314 p. ;  aMéxico : bEra, c2004. a314 p. ; c20 cm. aColección: Problemas de México aTraducción de: Domination and the arts of resistance : hidden transcripts. aBibliografía: p. 303-314. aPIFI 3.2 4aResistencia pasiva. 4aPoder (Ciencias Sociales) 4aRelaciones humanas.1 aAguilar Mora, Jorge,etr.